มุมมองปกติ
มุมมองแบบ MARC
- นิรันตสุข เริงรณอาษา
รายการ Personal Name
001 - CONTROL NUMBER
- control field: 48430
003 - CONTROL NUMBER IDENTIFIER
- control field: NALT
005 - DATE AND TIME OF LATEST TRANSACTION
- control field: 20201111094417.0
008 - FIXED-LENGTH DATA ELEMENTS
- fixed length control field: 201111|| aca||aabn | a|a d
040 ## - CATALOGING SOURCE
- Original cataloging agency: NALT
100 ## - HEADING--PERSONAL NAME
- Personal name: นิรันตสุข เริงรณอาษา
